000 00469nam a2200157 i 4500
001 110158
003 ES-MaACL
005 20230906185003.0
007 t|
008 061121s1906 sp r ||||1| spa d
100 1 _aOrdás Sabau, Pablo.
_987171
245 1 0 _aCien sonetos descriptivos-religiosos... de costumbres, etc /
_cPablo Ordás Sabau.
260 _aMadrid :
_bLibrería de Fernando Fe,
_c1906.
300 _a112 p. ;
_c19 cm.
852 _aES-MaACL
_jT-1086-F-7
999 _c110158
_d110158